El maravilloso viaje de Nils Holgersson

محفوظ في:
التفاصيل البيبلوغرافية
المؤلف الرئيسي: Lagerlöf, Selma (مؤلف)
التنسيق: كتاب
اللغة:الإسبانية
منشور في: Santiago Zig-Zag 1983
الطبعة:6a. ed
سلاسل:Colección Juvenil
الموضوعات:
الوسوم: إضافة وسم
لا توجد وسوم, كن أول من يضع وسما على هذه التسجيلة!

MARC

LEADER 00000nam a2200000 a 4500
001 UCH4362
003 CL-VaPUC
008 090818e19830000CL |||||||||||||||||spa|d
082 0 4 |a 839.7  |b LAG  |2 21 
100 |a Lagerlöf, Selma  |e author  |9 576827 
245 1 3 |a El maravilloso viaje de Nils Holgersson 
250 |a 6a. ed 
300 |a 142 p 
942 |c BK 
945 |d 20090818 00:00:00  |a lazolas 
260 |a Santiago  |b Zig-Zag  |c 1983 
650 7 |a CUENTOS SUECOS  |2 CL-VaPUC  |9 539885 
650 7 |a LITERATURA SUECA  |2 CL-VaPUC  |9 539886 
650 0 |a Cuentos infantiles  |9 308044 
650 0 |a Formas y géneros literarios  |9 324031 
583 |a last modification  |c 20160520 16:17:03  |k Rodrigo Vera 
490 0 |a Colección Juvenil 
999 |c 335686  |d 335684